Christopher Nolan Movies Quiz Stats

 Plays Quiz Updated Oct 21, 2017

Challenge
Share
Tweet
Embed
Score 0/10 Timer 03:00
1 Play Today
Year Movie % Correct
2008The Dark Knight
97.9%
2012The Dark Knight Rises
93.9%
2010Inception
91.1%
2005Batman Begins
91%
2000Memento
73.3%
2014Interstellar
68.6%
2006The Prestige
59.3%
2017Dunkirk
43.3%
2002Insomnia
39.1%
1998Following
29.2%

You're not logged in!

Compare scores with friends on all Sporcle quizzes.
OR
Log In

You Might Also Like...

Show Comments

Extras

Top Quizzes Today


Score Distribution

Your Account Isn't Verified!

In order to create a playlist on Sporcle, you need to verify the email address you used during registration. Go to your Sporcle Settings to finish the process.

Report this User

Report this user for behavior that violates our Community Guidelines.

Details: